|
|
|
|
| LEADER |
00000nam a2200000 a 4500 |
| 001 |
Si885 |
| 005 |
20230308183411.0 |
| 008 |
012020|2008 ||||||||r|||||||||||spa|| |
| 040 |
|
|
|b spa
|
| 041 |
1 |
|
|a spa
|
| 082 |
0 |
|
|a 628.1
|
| 100 |
1 |
|
|a Neira, David
|9 104869
|
| 245 |
|
|
|a Cambio climático e inundaciones
|b lineamientos para una política de prevención de riesgos
|c David Neira
|h imp
|n 5
|
| 264 |
|
|
|a Quito
|b Imprimax
|c 2008
|
| 300 |
|
|
|a pp221-233
|b ilu
|
| 490 |
|
|
|a Foro de los Recursos Hídricos
|p Documentos de discusión
|v Vol.5
|
| 504 |
|
|
|a incl. ref.
|
| 650 |
1 |
|
|a Inundaciones
|9 104870
|
| 650 |
|
0 |
|a Cambio climático
|9 44269
|
| 852 |
|
|
|a UC-YANUNCAY
|c SALA 1 AGROPECUARIAS
|f Donación
|k Eduran
|l 1
|m General
|p 20120203
|q 1,00
|t Si885
|b 0
|d CDRY
|e CDRY
|g 628.1 SALA 1 AGROPECUARIAS
|z 2012-20-20
|
| 942 |
|
|
|c BK
|
| 999 |
|
|
|c 62897
|d 62897
|